Loading...
Social Science | 0 | 3 | 0 | 0 | 30 | 101 | 127.00 | 0 | 2 |
Modern World | 1 | 1 | 0 | 0 | 25 | 59 | 101.50 | 0 | 1 |
Literature - British Literature | 0 | 2 | 0 | 0 | 20 | 115 | 139.50 | 1 | 2 |
Fine Arts - Classical Music and Opera | 0 | 2 | 0 | 1 | 20 | 149 | 158.50 | 0 | 0 |
History - Other History | 0 | 1 | 0 | 1 | 10 | 134 | 134.00 | 0 | 0 |
Philosophy | 0 | 1 | 0 | 0 | 10 | 115 | 115.00 | 0 | 0 |
Fine Arts - Other Fine Arts | 0 | 1 | 0 | 0 | 10 | 96 | 96.00 | 0 | 0 |
Geography | 0 | 1 | 0 | 1 | 10 | 155 | 155.00 | 0 | 0 |
History - World History | 0 | 1 | 1 | 0 | 5 | 144 | 144.00 | 0 | 0 |
History - US History | 0 | 1 | 1 | 1 | 5 | 153 | 153.00 | 0 | 0 |
Beliefs | 0 | 1 | 1 | 0 | 5 | 104 | 104.00 | 1 | 1 |
Science - Chemistry | 0 | 0 | 0 | 0 | 0 | 0.00 | 0 | 0 |